00286nam a2200109Ia 4500008004100000020001800041041000800059100002000067245004100087260004000128300000800168240521s2003 xx 000 0 und d a1 84000 638 2 aeng aAMANDA BAILLIEU aCONTEMPORARY WINDOWS AMANDA BAILLIEU bOCTOPUS PUBLISHING GROUP LTD.c2003 a176